000 00310nam a2200145Ia 4500
008 220613s9999||||xx |||||||||||||| ||und||
020 _a0023-852X
100 _axxx
245 4 _aThe Laryngoscope
250 _a122(1-6) Jan-June 2012
260 _bWiley
300 _a1421
650 _aENT
942 _cSURG
999 _c14564
_d14564